000 00324nam a22001337a 4500
020 _qHB.
040 _cFIZZA ISHAQ
082 _a333.91009
_bRAM
100 _aIYER,R RAMASWAMY.
_989144
245 _aWATER PERSPECTIVES ISSUES /
_cRAMASWAMY R LYER.
260 _aNEW DEHLI ;
_c2003.
300 _a368 P. ;
942 _2ddc
_cBK
999 _c587964
_d587964